000 00447nam a22001697a 4500
005 20251108174820.0
008 250721s1993 xx 000 0 eng d
082 1 4 _a327.540565/KHA
100 1 _akhataybeh, sayel zaki
_eBind.
245 1 0 _aIndia and Gordan developing rela /
264 1 _aamman :
_bمكتبة الوطنية,
_c1993.
650 1 7 _aINTERNTIOAL
650 1 7 _aINDIA
650 1 7 _aJORDAN
942 _2ddc
_cREF
999 _c118776
_d118776